Mechanics of Materials (Record no. 8696)

MARC details
000 -LEADER
fixed length control field 00602nam a2200205 4500
003 - CONTROL NUMBER IDENTIFIER
control field OSt
005 - DATE AND TIME OF LATEST TRANSACTION
control field 20240621122237.0
008 - FIXED-LENGTH DATA ELEMENTS--GENERAL INFORMATION
fixed length control field 240621b |||||||| |||| 00| 0 eng d
040 ## - CATALOGING SOURCE
Original cataloging agency DDC
Transcribing agency MUST
082 ## - DEWEY DECIMAL CLASSIFICATION NUMBER
Edition number 22
Classification number 531 GER 1987
100 ## - MAIN ENTRY--PERSONAL NAME
Personal name Gere James M.
9 (RLIN) 17582
245 ## - TITLE STATEMENT
Title Mechanics of Materials
Statement of responsibility, etc. James m. Gere and Stephen P. Timoshenko
250 ## - EDITION STATEMENT
Edition statement 3rd ed.
260 ## - PUBLICATION, DISTRIBUTION, ETC. (IMPRINT)
Place of publication, distribution, etc. London
Name of publisher, distributor, etc. Chapman and Hall
Date of publication, distribution, etc. c1987
300 ## - PHYSICAL DESCRIPTION
Extent xxii,807p.;
Other physical details ill:
Dimensions 23cm
504 ## - BIBLIOGRAPHY, ETC. NOTE
Bibliography, etc includes appendices and subject indexes
650 ## - SUBJECT ADDED ENTRY--TOPICAL TERM
Topical term or geographic name as entry element Engineering
9 (RLIN) 373
700 ## - ADDED ENTRY--PERSONAL NAME
Personal name Timoshenko, Stephen P
9 (RLIN) 17583
942 ## - ADDED ENTRY ELEMENTS (KOHA)
Source of classification or shelving scheme Dewey Decimal Classification
Koha item type Open Shelf
Holdings
Withdrawn status Lost status Source of classification or shelving scheme Damaged status Not for loan Home library Current library Source of acquisition Inventory number Total Checkouts Full call number Barcode Date last seen Koha item type
    Other/Generic Classification Scheme     MUST Main Library MUST Main Library Purchase 2000/13552   531 GER 1992 2024-20998 21/06/2024 Open Shelf